|
|
|
|
| LEADER |
01529nam a2200397Ia 4500 |
| 001 |
EBC1133037 |
| 003 |
MiAaPQ |
| 005 |
20200520144314.0 |
| 006 |
m o d | |
| 007 |
cr cn||||||||| |
| 008 |
121031s2012 enka sb 000 0 eng d |
| 020 |
|
|
|z 1443841498 (hbk.)
|
| 020 |
|
|
|z 9781443841498 (hbk.)
|
| 020 |
|
|
|z 9781443846462
|
| 035 |
|
|
|a (MiAaPQ)EBC1133037
|
| 035 |
|
|
|a (Au-PeEL)EBL1133037
|
| 035 |
|
|
|a (CaPaEBR)ebr10677152
|
| 035 |
|
|
|a (CaONFJC)MIL495781
|
| 035 |
|
|
|a (OCoLC)830168437
|
| 040 |
|
|
|a MiAaPQ
|c MiAaPQ
|d MiAaPQ
|
| 050 |
|
4 |
|a HB3530.5.A3
|b E84 2012
|
| 245 |
0 |
0 |
|a Everlasting countdowns
|h [electronic resource] :
|b race, ethnicity and national censuses in Latin American states /
|c edited by Luis Fernando Angosto Ferrandez and Sabine Kradolfer.
|
| 260 |
|
|
|a Newcastle upon Tyne :
|b Cambridge Scholars Pub.,
|c 2012.
|
| 300 |
|
|
|a ix, 339 p. :
|b ill.
|
| 504 |
|
|
|a Includes bibliographical references.
|
| 533 |
|
|
|a Electronic reproduction. Ann Arbor, MI : ProQuest, 2015. Available via World Wide Web. Access may be limited to ProQuest affiliated libraries.
|
| 650 |
|
0 |
|a Census.
|
| 650 |
|
0 |
|a Race.
|
| 650 |
|
0 |
|a Indigenous peoples
|z Latin America.
|
| 651 |
|
0 |
|a Latin America
|x Population.
|
| 651 |
|
0 |
|a Latin America
|x Politics and government.
|
| 655 |
|
4 |
|a Electronic books.
|
| 700 |
1 |
|
|a Ferrandez, Luis Fernando Angosto.
|
| 700 |
1 |
|
|a Kradolfer, Sabine.
|
| 710 |
2 |
|
|a ProQuest (Firm)
|
| 856 |
4 |
0 |
|u https://ebookcentral.proquest.com/lib/matrademy/detail.action?docID=1133037
|z Click to View
|